[Event "CAN-ch"]
[Site "Montreal CAN"]
[Date "2017.06.30"]
[Round "8"]
[White "Song, Ziyuan"]
[Black "Huang, Qiuyu"]
[Result "1/2-1/2"]
[WhiteElo "2182"]
[BlackElo "2083"]
[WhiteFideId "-1"]
[WhiteFideId "-1"]
[PlyCount "86"]
[GameId "2160767908410915"]
[EventDate "2017.06.27"]
[EventType "swiss"]
[EventRounds "9"]
[EventCountry "CAN"]
[SourceTitle "CBM 179 Extra"]
[Source "ChessBase"]
[SourceDate "2017.08.23"]
[SourceVersion "1"]
[SourceVersionDate "2017.08.23"]
[SourceQuality "1"]

1. e4 c5 2. Nf3 Nc6 3. d4 cxd4 4. Nxd4 e5 5. Nb5 d6 6. N1c3 a6 7. Na3 b5 8. Nd5 Nge7 9. c4 Nd4 10. cxb5 Nxd5 11. exd5 Bd7 12. Be3 axb5 13. Qd2 b4 14. Bxd4 bxa3 15. Bc3 axb2 16. Qxb2 Be7 17. Bb5 O-O 18. O-O f5 19. a4 f4 20. f3 Rb8 21. Kh1 Bh4 22. Qe2 Bf5 23. Bd3 Bd7 24. Rfb1 Ra8 25. a5 Bg3 26. Qe4 g6 27. hxg3 fxg3 28. Qe3 Qh4+ 29. Kg1 Qh2+ 30. Kf1 Qh1+ 31. Ke2 Qxg2+ 32. Kd1 Qh2 33. Be1 g2 34. Bf2 Bg4 35. Bg1 Bxf3+ 36. Kd2 Qh4 37. Rb5 Bg4 38. Be4 Rf1 39. Rbb1 Bh3 40. a6 Rxb1 41. Bxb1 Qb4+ 42. Qc3 Qf4+ 43. Qe3 Qb4+ 1/2-1/2

[Event "CAN-ch"]
[Site "Montreal CAN"]
[Date "2017.06.30"]
[Round "8.5"]
[White "Oussedik, Elias"]
[Black "Sohal, Tanraj"]
[Result "1-0"]
[WhiteElo "2155"]
[BlackElo "2319"]
[WhiteFideId "-1"]
[WhiteFideId "-1"]
[PlyCount "117"]
[GameId "2160767908410920"]
[EventDate "2017.06.27"]
[EventType "swiss"]
[EventRounds "9"]
[EventCountry "CAN"]

1. d4 Nf6 2. c4 e6 3. Nf3 Nc6 4. a3 d5 5. g3 dxc4 6. Qa4 Bd6 7. Bg2 O-O 8. Qxc4 e5 9. Nc3 Be6 10. d5 e4 11. dxe6 exf3 12. exf7+ Rxf7 13. exf3 Na5 14. Qa4 Qe8+ 15. Be3 Bc5 16. Qxa5 Bxe3 17. O-O Bb6 18. Qf5 Rd8 19. Qc2 c6 20. Rad1 Kh8 21. h3 Bd4 22. Ne2 Bb6 23. Nc3 Bd4 24. Ne2 Bb6 25. f4 Rc7 26. Rxd8 Qxd8 27. Rd1 Rd7 28. Nc3 Bd4 29. Bf3 c5 30. Kg2 Qe7 31. Ne2 g6 32. Nxd4 cxd4 33. Qc4 Qd8 34. Rd3 Kg7 35. Qc5 b6 36. Qe5 Kf8 37. h4 Rd6 38. f5 gxf5 39. Qxf5 Qd7 40. Qf4 Kg7 41. Qg5+ Kf8 42. Qf4 Kg7 43. Kh2 Qd8 44. Qg5+ Kf8 45. Bd1 Qe7 46. Qf4 Qd8 47. Bb3 Kg7 48. Qg5+ Kh8 49. Qe5 Kg7 50. Qg5+ Kh8 51. Kg1 Qe7 52. Rf3 Qd8 53. Bc4 Qf8 54. Bd3 Qe7 55. Kg2 Re6 56. Bc4 Ne4 57. Qd5 Rg6 58. Qa8+ Kg7 59. Rf7+ 1-0

[Event "CAN-ch"]
[Site "Montreal CAN"]
[Date "2017.06.30"]
[Round "8.7"]
[White "Clyde, Jordan"]
[Black "Gaisinsky, Adam"]
[Result "1-0"]
[WhiteElo "2173"]
[BlackElo "1922"]
[WhiteFideId "-1"]
[WhiteFideId "-1"]
[PlyCount "120"]
[GameId "2160767908410921"]
[EventDate "2017.06.27"]
[EventType "swiss"]
[EventRounds "9"]
[EventCountry "CAN"]

1. e4 e5 2. Nf3 Nc6 3. Bb5 a6 4. Bxc6 dxc6 5. h3 Be6 6. O-O f6 7. d4 exd4 8. Nxd4 Bf7 9. Be3 Ne7 10. Nc3 c5 11. Nb3 Qxd1 12. Raxd1 b6 13. Bf4 Rc8 14. Rfe1 Ng6 15. Bg3 Ne5 16. Nd5 Bh5 17. Rb1 Be7 18. f4 Nc4 19. e5 f5 20. Nxe7 Kxe7 21. e6 h6 22. Bh4+ Kd6 23. g4 fxg4 24. Nd2 Nxd2 25. Rbd1 gxh3 26. Rxd2+ Kc6 27. e7 Rce8 28. f5 Rhg8 29. Re6+ Kb7 30. Rg6 Bxg6 31. fxg6 Kc6 32. Kh2 Rxe7 33. Bxe7 Re8 34. Bh4 Re6 35. Kxh3 Rxg6 36. Rg2 Rxg2 37. Kxg2 b5 38. Be7 g6 39. Bf8 h5 40. Kg3 Kd5 41. Kf4 c4 42. Be7 c5 43. c3 b4 44. a4 bxa3 45. bxa3 Kc6 46. a4 Kd5 47. a5 Kc6 48. Ke5 Kb5 49. Kd5 Kxa5 50. Kxc5 Ka4 51. Kxc4 a5 52. Bd8 g5 53. Bxg5 Ka3 54. Kd5 Kb3 55. c4 a4 56. c5 a3 57. c6 a2 58. Bf6 h4 59. c7 h3 60. c8=Q h2 1-0

[Event "CAN-ch"]
[Site "Montreal CAN"]
[Date "2017.06.30"]
[Round "8.9"]
[White "Plotkin, Victor"]
[Black "Masse, Hugues"]
[Result "1-0"]
[WhiteElo "2265"]
[BlackElo "2138"]
[WhiteFideId "-1"]
[WhiteFideId "-1"]
[PlyCount "111"]
[GameId "2160767908410922"]
[EventDate "2017.06.27"]
[EventType "swiss"]
[EventRounds "9"]
[EventCountry "CAN"]

1. Nf3 Nf6 2. c4 c5 3. Nc3 Nc6 4. g3 d5 5. cxd5 Nxd5 6. Bg2 Nc7 7. O-O e5 8. b3 Be7 9. Bb2 O-O 10. Rc1 f6 11. d3 Be6 12. Qd2 Qd7 13. Rfd1 Rfd8 14. Ne1 Rac8 15. Nc2 Nd5 16. Nxd5 Bxd5 17. Bxd5+ Qxd5 18. Qc3 b5 19. Qd2 Qd7 20. Qe3 Rc7 21. Qf3 Nd4 22. Nxd4 exd4 23. Rc2 Bf8 24. Rdc1 Rdc8 25. Rd1 a5 26. Bc1 Qc6 27. Qxc6 Rxc6 28. Bb2 Bd6 29. Rdc1 R6c7 30. a4 b4 31. Kg2 Kf7 32. Kf3 Ke6 33. e3 dxe3 34. fxe3 f5 35. Rc4 g6 36. Re1 Rf8 37. Ke2 Rfc8 38. Rec1 Rc6 39. e4 R6c7 40. exf5+ gxf5 41. Rf1 Rf8 42. Rh4 Re7 43. Kd1 Kd7 44. Rh5 Ref7 45. Bc1 Ke6 46. Bh6 Rg8 47. Be3 Rg6 48. Ke2 Rg8 49. Rc1 Kd5 50. Kf3 Rc8 51. Rc4 Rcc7 52. Rh6 Bf8 53. Rh5 Bd6 54. d4 cxd4 55. Rxd4+ Ke5 56. Rd3 1-0

[Event "CAN-ch"]
[Site "Montreal CAN"]
[Date "2017.06.30"]
[Round "8.11"]
[White "Marin, Sam"]
[Black "Ostaci, Liviu"]
[Result "1-0"]
[WhiteElo "1921"]
[BlackElo "1624"]
[WhiteFideId "-1"]
[WhiteFideId "-1"]
[PlyCount "99"]
[GameId "2160767908410924"]
[EventDate "2017.06.27"]
[EventType "swiss"]
[EventRounds "9"]
[EventCountry "CAN"]

1. c4 g6 2. Nc3 Bg7 3. d4 Nf6 4. e4 O-O 5. e5 Ne8 6. f4 c5 7. d5 d6 8. Nf3 e6 9. Be2 exd5 10. cxd5 Bg4 11. exd6 Nxd6 12. O-O Bxf3 13. Bxf3 Nd7 14. Ne4 Nxe4 15. Bxe4 Bd4+ 16. Kh1 f5 17. Bf3 Nf6 18. Qb3 Qb6 19. Qc4 Kg7 20. Rb1 Ne8 21. Bd2 Nd6 22. Qc2 Qa6 23. b4 b6 24. Rfe1 Rfe8 25. Re6 Rad8 26. Rbe1 Kf8 27. Be2 Qc8 28. bxc5 bxc5 29. Bd3 Qd7 30. Ba5 Rb8 31. Bc3 Rxe6 32. dxe6 Qe8 33. Bxd4 cxd4 34. Qc7 Ne4 35. Bxe4 fxe4 36. e7+ Kg7 37. Qe5+ Kf7 38. Qxe4 Rb4 39. Qd5+ Kg7 40. h3 d3 41. Qe5+ Kf7 42. Qe6+ Kg7 43. f5 gxf5 44. Qxf5 Rb6 45. Qe5+ Kg6 46. Qe3 Rb5 47. Qg3+ Kh6 48. Qf4+ Kh5 49. Qf3+ Kh6 50. Qf8+ 1-0

[Event "CAN-ch"]
[Site "Montreal CAN"]
[Date "2017.07.01"]
[Round "9"]
[White "Plotkin, Victor"]
[Black "Song, Ziyuan"]
[Result "1-0"]
[WhiteElo "2265"]
[BlackElo "2182"]
[WhiteFideId "-1"]
[WhiteFideId "-1"]
[PlyCount "125"]
[GameId "2160767908410925"]
[EventDate "2017.06.27"]
[EventType "swiss"]
[EventRounds "9"]
[EventCountry "CAN"]
[SourceTitle "CBM 179 Extra"]
[Source "ChessBase"]
[SourceDate "2017.08.23"]
[SourceVersion "1"]
[SourceVersionDate "2017.08.23"]
[SourceQuality "1"]

1. d4 Nf6 2. Nf3 e6 3. e3 d5 4. Bd3 c5 5. b3 Nc6 6. O-O b6 7. c4 dxc4 8. Bxc4 cxd4 9. Nxd4 Nxd4 10. exd4 Bb7 11. Bb2 a6 12. Nc3 Be7 13. Qe2 O-O 14. Rad1 b5 15. Bd3 Nd5 16. Nxd5 Qxd5 17. f3 Rfd8 18. Bb1 Rac8 19. Qe4 g6 20. Qxd5 Bxd5 21. Rc1 Bf6 22. Rxc8 Rxc8 23. Kf2 a5 24. Rd1 b4 25. Ke2 Kf8 26. Be4 Bg5 27. Kd3 Ke7 28. Bxd5 exd5 29. a3 bxa3 30. Bxa3+ Kd7 31. g3 Re8 32. Bc1 Bxc1 33. Rxc1 Rb8 34. Rb1 a4 35. Kc2 a3 36. Ra1 Rc8+ 37. Kb1 Rc3 38. Ka2 Rxf3 39. Kxa3 Rd3 40. Kb4 Rxd4+ 41. Kc5 Rd2 42. b4 d4 43. b5 d3 44. Kd4 Rxh2 45. Kxd3 Rg2 46. Ra7+ Ke6 47. b6 Rxg3+ 48. Kc4 Rg1 49. b7 Rb1 50. Kc5 Kf5 51. Kc6 Kf6 52. Ra6 Rxb7 53. Kxb7+ Kg5 54. Kc6 f5 55. Kd5 h5 56. Kd4 Kf4 57. Rxg6 h4 58. Rh6 Kg3 59. Ke3 h3 60. Rg6+ Kh2 61. Kf2 Kh1 62. Rh6 h2 63. Ra6 1-0

[Event "CAN-ch"]
[Site "Montreal CAN"]
[Date "2017.07.01"]
[Round "9.4"]
[White "Oussedik, Elias"]
[Black "Itkin, David"]
[Result "0-1"]
[WhiteElo "2155"]
[BlackElo "2147"]
[WhiteFideId "-1"]
[WhiteFideId "-1"]
[PlyCount "76"]
[GameId "2160767908410929"]
[EventDate "2017.06.27"]
[EventType "swiss"]
[EventRounds "9"]
[EventCountry "CAN"]

1. d4 Nf6 2. c4 g6 3. Nc3 Bg7 4. e4 d6 5. h3 O-O 6. Bg5 c5 7. d5 e6 8. Nf3 exd5 9. cxd5 Re8 10. Bd3 c4 11. Bc2 b5 12. a3 Nbd7 13. O-O h6 14. Be3 Ne5 15. Nxe5 Rxe5 16. Re1 Re8 17. Bd4 a6 18. e5 dxe5 19. Bxe5 Bb7 20. Qd4 Rxe5 21. Qxe5 Nxd5 22. Qg3 Nxc3 23. bxc3 Qd2 24. Rac1 Rc8 25. Bb1 Qb2 26. h4 h5 27. Qg5 Qxa3 28. Re7 Bh6 29. Qxh6 Qxe7 30. Kf1 Re8 31. Kg1 Qe6 32. Qf4 Qe5 33. Qh6 Qd5 34. f3 Re2 35. Kf1 Qd2 36. Qxd2 Rxd2 37. Bc2 Kf8 38. Ke1 Rxg2 0-1

[Event "CAN-ch"]
[Site "Montreal CAN"]
[Date "2017.07.01"]
[Round "9.5"]
[White "Huang, Qiuyu"]
[Black "Clyde, Jordan"]
[Result "1/2-1/2"]
[WhiteElo "2034"]
[BlackElo "2173"]
[WhiteFideId "-1"]
[WhiteFideId "-1"]
[PlyCount "130"]
[GameId "2160767908410930"]
[EventDate "2017.06.27"]
[EventType "swiss"]
[EventRounds "9"]
[EventCountry "CAN"]

1. e4 Nf6 2. e5 Nd5 3. d4 d6 4. Nf3 dxe5 5. Nxe5 c6 6. Be2 Nd7 7. Nf3 N7f6 8. c4 Nc7 9. Nc3 Bg4 10. h3 Bxf3 11. Bxf3 e6 12. Bf4 Bd6 13. Qd2 a5 14. O-O O-O 15. Rad1 Bxf4 16. Qxf4 Qe7 17. Rfe1 Rac8 18. a3 Rfd8 19. Qe5 Ra8 20. d5 cxd5 21. Nxd5 Nfxd5 22. cxd5 Rd6 23. dxe6 Rxe6 24. Qc3 Rxe1+ 25. Rxe1 Ne6 26. Bd5 Qc7 27. Qxc7 Nxc7 28. Bxb7 Rb8 29. Bf3 Kf8 30. Re5 Nb5 31. Rd5 Ke7 32. Bg4 Rb7 33. Bf3 Rb6 34. a4 Nc7 35. Rxa5 Rxb2 36. Re5+ Kd6 37. Re2 Rxe2 38. Bxe2 Kc5 39. Kh2 Kb4 40. Bd1 Nd5 41. Kg3 Nc3 42. Bc2 Nxa4 43. Kf4 Nb6 44. Bxh7 Nc4 45. Bg8 Nd6 46. Ke5 Kc5 47. Bh7 Nc4+ 48. Kf4 Kd6 49. Bc2 Ke7 50. h4 Nb6 51. g4 Nd7 52. h5 f6 53. Kf5 Nf8 54. Bb3 Nd7 55. Kg6 Kf8 56. f4 Nc5 57. Bc4 Ne4 58. g5 fxg5 59. fxg5 Nd6 60. Be6 Ke7 61. Bd5 Ne8 62. Bc6 Nc7 63. Bd7 Kxd7 64. Kxg7 Ne6+ 65. Kf6 Nxg5 1/2-1/2

[Event "CAN-ch"]
[Site "Montreal CAN"]
[Date "2017.07.01"]
[Round "9.6"]
[White "Sohal, Tanraj"]
[Black "Mills, Morgon"]
[Result "1-0"]
[WhiteElo "2319"]
[BlackElo "2011"]
[WhiteFideId "-1"]
[WhiteFideId "-1"]
[PlyCount "105"]
[GameId "2160767908410931"]
[EventDate "2017.06.27"]
[EventType "swiss"]
[EventRounds "9"]
[EventCountry "CAN"]

1. d4 Nf6 2. c4 g6 3. Nc3 d5 4. Bg5 Ne4 5. Bh4 Bg7 6. e3 c5 7. Nf3 cxd4 8. exd4 Nc6 9. cxd5 Nxc3 10. bxc3 Qxd5 11. Be2 O-O 12. O-O Bf5 13. Qb3 e6 14. Bc4 Qd7 15. Qa3 Rfc8 16. Bb3 b5 17. Rad1 Be4 18. Ng5 Bd5 19. Rfe1 Bxb3 20. Qxb3 Na5 21. Qb2 Nc4 22. Qe2 Nd6 23. Rd3 Nf5 24. Bg3 Nxg3 25. Rxg3 Qd5 26. Ne4 b4 27. cxb4 Qxd4 28. b5 Rd8 29. Ng5 Qd2 30. Qe4 Qxa2 31. Rf3 Qd5 32. Qh4 h6 33. Nxf7 Qd7 34. Qe4 Re8 35. Ne5 Rf8 36. Rxf8+ Rxf8 37. Nf3 Qd5 38. Qxg6 Rf6 39. Qe8+ Kh7 40. h4 Qf5 41. Qc6 e5 42. Qe4 Qxe4 43. Rxe4 Rb6 44. Ra4 Rxb5 45. Rxa7 Kg6 46. Nd2 Rb4 47. h5+ Kf6 48. Ra6+ Kf7 49. f3 Rd4 50. Ne4 Bf8 51. Kh2 Kg7 52. Kh3 Rd1 53. Ra7+ 1-0

[Event "CAN-ch"]
[Site "Montreal CAN"]
[Date "2017.07.01"]
[Round "9.8"]
[White "Tomb, Maroun"]
[Black "Durette, Francis"]
[Result "1-0"]
[WhiteElo "2157"]
[BlackElo "2028"]
[WhiteFideId "-1"]
[WhiteFideId "-1"]
[PlyCount "51"]
[GameId "2160767908410932"]
[EventDate "2017.06.27"]
[EventType "swiss"]
[EventRounds "9"]
[EventCountry "CAN"]

1. e4 e5 2. Nf3 Nc6 3. Bb5 a6 4. Ba4 Nf6 5. d4 exd4 6. O-O Be7 7. e5 Ne4 8. Nxd4 Nc5 9. Nf5 Ne6 10. Re1 O-O 11. Nc3 Bg5 12. Nd5 b5 13. Bb3 Bxc1 14. Rxc1 Kh8 15. Qg4 g6 16. Nf6 Ng7 17. Qh4 h5 18. Ng3 Ne7 19. Qg5 Ng8 20. Re4 d6 21. Rh4 Nf5 22. Rxh5+ gxh5 23. Nxf5 Bxf5 24. Qxf5 Nxf6 25. exf6 Kg8 26. Qg5+ 1-0

[Event "CAN-ch"]
[Site "Montreal CAN"]
[Date "2017.07.01"]
[Round "9.9"]
[White "Gaisinsky, Adam"]
[Black "Lecomte, Andre"]
[Result "1-0"]
[WhiteElo "1922"]
[BlackElo "1947"]
[WhiteFideId "-1"]
[WhiteFideId "-1"]
[PlyCount "89"]
[GameId "2160767908410933"]
[EventDate "2017.06.27"]
[EventType "swiss"]
[EventRounds "9"]
[EventCountry "CAN"]

1. e4 c5 2. Nf3 Nc6 3. d4 cxd4 4. Nxd4 Nf6 5. Nc3 e5 6. Ndb5 d6 7. Nd5 Nxd5 8. exd5 Ne7 9. c4 Nf5 10. Bd3 Be7 11. O-O a6 12. Nc3 O-O 13. f4 Qb6+ 14. Kh1 Ne3 15. Bxe3 Qxe3 16. Qc2 g6 17. Rae1 Qd4 18. fxe5 dxe5 19. Re4 Qb6 20. Rxe5 Bd6 21. Ree1 f5 22. Na4 Qd4 23. c5 Be5 24. Qc4 b5 25. Qxd4 Bxd4 26. Nb6 Ra7 27. b4 Bc3 28. Rb1 Re7 29. d6 Re3 30. Rf3 Rxf3 31. gxf3 Bb7 32. Kg2 g5 33. c6 Bxc6 34. Rc1 Bxf3+ 35. Kxf3 Bxb4 36. d7 g4+ 37. Kg2 Ba5 38. Nd5 f4 39. Rc8 f3+ 40. Kf2 Bd8 41. Nc7 Kf7 42. Bf5 Ke7 43. Bxg4 h5 44. Bh3 Rf7 45. Nd5+ 1-0

[Event "CAN-ch U20"]
[Site "Mississauga CAN"]
[Date "2017.08.09"]
[Round "1.1"]
[White "Surya, Benito"]
[Black "Chen, Richard"]
[Result "0-1"]
[WhiteElo "1998"]
[BlackElo "2324"]
[WhiteFideId "-1"]
[WhiteFideId "-1"]
[PlyCount "102"]
[GameId "2160767908347403"]
[EventDate "2017.08.09"]
[EventType "swiss"]
[EventRounds "7"]
[EventCountry "CAN"]
[SourceTitle "hb 2017"]

1. e4 c5 2. Nf3 e6 3. d4 cxd4 4. Nxd4 Nc6 5. Nc3 Qc7 6. Be3 a6 7. Qf3 Bd6 8. O-O-O Be5 9. Nxc6 bxc6 10. Bd4 Nf6 11. Bxe5 Qxe5 12. Qg3 Qxg3 13. hxg3 d5 14. Be2 Ke7 15. Bf3 Bb7 16. g4 h6 17. Rhe1 Rhd8 18. g3 d4 19. Na4 e5 20. Nb6 Rab8 21. Nc4 Ke6 22. Bg2 Nd7 23. f4 f6 24. g5 hxg5 25. Bh3+ Ke7 26. Bxd7 Rxd7 27. fxe5 c5 28. g4 Ke6 29. exf6 gxf6 30. e5 Bd5 31. exf6+ Kxf6 32. Rf1+ Kg7 33. Ne5 Re7 34. Rf5 Be4 35. Rxg5+ Kf6 36. Nf3 Rc8 37. Rh5 Bg6 38. g5+ Kg7 39. Rh6 Re3 40. Nh4 Be4 41. Rxa6 Rh8 42. Ra7+ Kg8 43. Rc7 Rxh4 44. Rxc5 Bf3 45. Rf1 Rhe4 46. b3 Rc3 47. Rf5 Bh5 48. R5f4 Re2 49. Rxd4 Rcxc2+ 50. Kb1 Rb2+ 51. Ka1 Rxa2+ 0-1

[Event "CAN-ch U20"]
[Site "Mississauga CAN"]
[Date "2017.08.09"]
[Round "1.2"]
[White "Hua, Eugene"]
[Black "Chen, Max"]
[Result "1-0"]
[WhiteElo "2329"]
[BlackElo "1987"]
[WhiteFideId "-1"]
[WhiteFideId "-1"]
[PlyCount "89"]
[GameId "2160767908347404"]
[EventDate "2017.08.09"]
[EventType "swiss"]
[EventRounds "7"]
[EventCountry "CAN"]
[SourceTitle "hb 2017"]

1. e4 c5 2. Nf3 e6 3. d4 cxd4 4. Nxd4 Nc6 5. Nc3 Qc7 6. Be3 Nf6 7. Qf3 Ne5 8. Qg3 h5 9. Ndb5 Qb8 10. Bxa7 Rxa7 11. Nxa7 h4 12. Qe3 Neg4 13. Qb6 Rh5 14. Na4 Nxe4 15. O-O-O Ngxf2 16. Bb5 Bd6 17. Nxc8 Qxc8 18. Rxd6 Nxd6 19. Qxd6 Rxb5 20. Nc3 Rf5 21. Re1 Qc6 22. Qd2 Qxg2 23. Ne4 Kd8 24. Nd6 Rf6 25. Qa5+ Ke7 26. Qc5 Qc6 27. Nc8+ Kd8 28. Qf8+ Kc7 29. Ne7 Qc5 30. Kb1 g6 31. a4 Ng4 32. Qc8+ Kb6 33. Qd8+ Ka7 34. Qxd7 Rf2 35. Qd3 Qxe7 36. Qd4+ Ka8 37. Qxg4 Qc5 38. Qe4 Rxh2 39. Rd1 Qc6 40. Rd8+ Ka7 41. Qd4+ b6 42. Rd7+ Ka6 43. Qd3+ Ka5 44. Ra7+ Kb4 45. Qd4+ 1-0

[Event "CAN-ch U20"]
[Site "Mississauga CAN"]
[Date "2017.08.09"]
[Round "1.3"]
[White "Kang, Dorian"]
[Black "Cai, Jason"]
[Result "0-1"]
[WhiteElo "1975"]
[BlackElo "2297"]
[WhiteFideId "-1"]
[WhiteFideId "-1"]
[PlyCount "122"]
[GameId "2160767908347405"]
[EventDate "2017.08.09"]
[EventType "swiss"]
[EventRounds "7"]
[EventCountry "CAN"]
[SourceTitle "hb 2017"]

1. c4 e6 2. Nc3 Bb4 3. Nf3 f5 4. d4 Nf6 5. g3 O-O 6. Bg2 Bxc3+ 7. bxc3 d6 8. O-O Nc6 9. e3 e5 10. Ba3 e4 11. Nd2 Re8 12. Re1 b6 13. f4 Na5 14. Bb4 Nb7 15. Bf1 c5 16. Ba3 Be6 17. Nb3 Qd7 18. Bb2 Qa4 19. Nd2 Qa6 20. d5 Bd7 21. Nb3 Na5 22. Nxa5 Qxa5 23. a4 Kf7 24. Qb3 Rg8 25. Kh1 g5 26. Bh3 h5 27. Qa2 gxf4 28. gxf4 Rg6 29. Rg1 Rag8 30. Rxg6 Rxg6 31. Qb3 Ng4 32. Bxg4 hxg4 33. Kg2 Rh6 34. Bc1 b5 35. cxb5 Qd8 36. Qd1 Qh4 37. Qg1 Qh3+ 38. Kf2 Qf3+ 39. Ke1 g3 40. Qxg3 Qh1+ 41. Kd2 Rxh2+ 42. Qxh2 Qxh2+ 43. Kd1 Ke7 44. c4 Be8 45. Bd2 Qh1+ 46. Be1 Bh5+ 47. Kd2 Qg2+ 48. Kc3 Qe2 49. a5 Qxe3+ 50. Kb2 Qe2+ 51. Kb3 Qd3+ 52. Kb2 Bd1 53. Rc1 Qb3+ 54. Ka1 Bc2 55. Bh4+ Kd7 56. Rxc2 Qxc2 57. b6 axb6 58. axb6 Qa4+ 59. Kb2 Qb4+ 60. Kc2 Qxb6 61. Bf2 Qb4 0-1

[Event "CAN-ch U20"]
[Site "Mississauga CAN"]
[Date "2017.08.09"]
[Round "1.4"]
[White "Song, Terry"]
[Black "Ning, Eric"]
[Result "1-0"]
[WhiteElo "2250"]
[BlackElo "1926"]
[WhiteFideId "-1"]
[WhiteFideId "-1"]
[PlyCount "117"]
[GameId "2160767908347406"]
[EventDate "2017.08.09"]
[EventType "swiss"]
[EventRounds "7"]
[EventCountry "CAN"]
[SourceTitle "hb 2017"]

1. e4 c5 2. Nc3 Nc6 3. f4 e6 4. Nf3 a6 5. d4 d5 6. Be3 cxd4 7. Nxd4 Bb4 8. e5 Nge7 9. a3 Ba5 10. b4 Bb6 11. Na4 Ba7 12. Nxc6 Nxc6 13. Bxa7 Rxa7 14. Bd3 Bd7 15. Nc5 g5 16. O-O h5 17. Qe1 gxf4 18. Rxf4 Qg5 19. Qf2 Nxe5 20. Nxd7 Kxd7 21. Qxa7 Qxf4 22. Rf1 Qg5 23. Qxb7+ Kd6 24. Qb6+ Ke7 25. Qc5+ Ke8 26. Bxa6 Qe7 27. Qb5+ Nd7 28. Bc8 Rh7 29. a4 Kd8 30. Bxd7 Qxd7 31. Qb8+ Qc8 32. Qd6+ Qd7 33. Qg3 f5 34. b5 Re7 35. Qb8+ Qc8 36. Qd6+ Qd7 37. Qf4 Qc7 38. Qf2 Qa7 39. Ra1 Qxf2+ 40. Kxf2 Rc7 41. a5 Rxc2+ 42. Kf3 Kc7 43. a6 Kb8 44. b6 Rb2 45. b7 Ka7 46. Ke3 Rb4 47. Ra5 h4 48. Kd3 Rb2 49. Kd4 Rxg2 50. Ke5 Rg6 51. Rb5 Rg8 52. Kxe6 Rf8 53. Kxd5 Kxa6 54. Kc6 f4 55. Rb1 Ka5 56. Kc7 Re8 57. b8=Q Rxb8 58. Rxb8 f3 59. Rf8 1-0

[Event "CAN-ch U20"]
[Site "Mississauga CAN"]
[Date "2017.08.09"]
[Round "1.6"]
[White "Dukic, Zachary"]
[Black "Rusonik, Max"]
[Result "1-0"]
[WhiteElo "2238"]
[BlackElo "1880"]
[WhiteFideId "-1"]
[WhiteFideId "-1"]
[PlyCount "51"]
[GameId "2160767908347408"]
[EventDate "2017.08.09"]
[EventType "swiss"]
[EventRounds "7"]
[EventCountry "CAN"]
[SourceTitle "hb 2017"]

1. e4 e5 2. Nf3 Nc6 3. Bb5 f5 4. d4 fxe4 5. Bxc6 dxc6 6. Nxe5 Nf6 7. O-O Bd6 8. Qe2 Qe7 9. Bf4 O-O 10. Bg3 Bf5 11. Nc3 Kh8 12. Nc4 Rad8 13. Bh4 Bxh2+ 14. Kxh2 Rxd4 15. Ne3 Bg6 16. Rad1 Rxd1 17. Rxd1 Qb4 18. Bxf6 gxf6 19. Qc4 Qxb2 20. Qc5 Rg8 21. Rb1 b6 22. Qxc6 Qa3 23. Qxf6+ Rg7 24. Qd8+ Rg8 25. Qxc7 Qa5 26. Rb5 1-0

[Event "CAN-ch U20"]
[Site "Mississauga CAN"]
[Date "2017.08.09"]
[Round "1.8"]
[White "Nasir, Zehn"]
[Black "Zheng, Kevin"]
[Result "1-0"]
[WhiteElo "2221"]
[BlackElo "1874"]
[WhiteFideId "-1"]
[WhiteFideId "-1"]
[PlyCount "93"]
[GameId "2160767908347410"]
[EventDate "2017.08.09"]
[EventType "swiss"]
[EventRounds "7"]
[EventCountry "CAN"]
[SourceTitle "hb 2017"]

1. e4 c5 2. Nf3 Nc6 3. d4 cxd4 4. Nxd4 g6 5. c4 Nf6 6. Nc3 Nxd4 7. Qxd4 d6 8. Be3 Bg7 9. f3 O-O 10. Qd2 Be6 11. Be2 Qa5 12. O-O Rfc8 13. Rfc1 a6 14. Rab1 Rab8 15. b4 Qd8 16. c5 dxc5 17. Qxd8+ Rxd8 18. bxc5 Nd7 19. a3 Ne5 20. Nd5 Kf8 21. Rd1 Nc6 22. Nc7 Nd4 23. Nxe6+ Nxe6 24. Rxd8+ Rxd8 25. Rxb7 Bd4 26. Bxd4 Nxd4 27. Bf1 Rc8 28. Rd7 Ne6 29. Bxa6 Nxc5 30. Bxc8 Nxd7 31. Bxd7 e5 32. a4 Ke7 33. Bc6 Kd6 34. Bd5 f6 35. Kf2 Kc5 36. Bg8 h6 37. Bf7 g5 38. Kg3 Kb4 39. Be8 h5 40. h4 Ka5 41. hxg5 fxg5 42. Bxh5 Kxa4 43. Kg4 Kb5 44. Kxg5 Kc5 45. Kf6 Kd6 46. Be8 Kc7 47. Ke7 1-0

[Event "CAN-ch U20"]
[Site "Mississauga CAN"]
[Date "2017.08.09"]
[Round "1.9"]
[White "Cui, Leonardo"]
[Black "Zhao, Harry"]
[Result "0-1"]
[WhiteElo "1872"]
[BlackElo "2195"]
[WhiteFideId "-1"]
[WhiteFideId "-1"]
[PlyCount "104"]
[GameId "2160767908347411"]
[EventDate "2017.08.09"]
[EventType "swiss"]
[EventRounds "7"]
[EventCountry "CAN"]
[SourceTitle "hb 2017"]

1. d4 d5 2. c4 c6 3. Nf3 Nf6 4. g3 dxc4 5. Bg2 b5 6. O-O e6 7. a4 Bb7 8. Ne5 a6 9. Nc3 Qb6 10. Be3 Nd5 11. Bc1 f6 12. e4 Nxc3 13. Qh5+ g6 14. Nxg6 Ne2+ 15. Kh1 hxg6 16. Qxh8 Nd7 17. Be3 O-O-O 18. Qg8 Nxd4 19. Bxd4 Qxd4 20. Rad1 Qxb2 21. Qxe6 Qe5 22. Bh3 Qxe6 23. Bxe6 Kc7 24. f4 Nc5 25. Rxd8 Kxd8 26. Bf7 Nxe4 27. Bxg6 Nd2 28. Rf2 c3 29. Re2 c5+ 30. Kg1 Be7 31. h4 Bf3 32. Re3 b4 33. Kf2 Be4 34. Rxe4 Nxe4+ 35. Bxe4 b3 36. Ke2 c2 37. Kd2 c4 38. Bxc2 bxc2 39. Kxc2 f5 40. Kc3 Bc5 41. h5 Ke7 42. Kxc4 Bf2 43. Kd5 Kf6 44. g4 fxg4 45. Ke4 a5 46. Kd3 Kf5 47. h6 Kg6 48. Ke2 Bb6 49. Kd3 Kxh6 50. Ke4 g3 51. Kf3 Bf2 52. Kg2 Kg6 0-1

[Event "CAN-ch U20"]
[Site "Mississauga CAN"]
[Date "2017.08.09"]
[Round "1.10"]
[White "Yie, Kevin"]
[Black "Uthayakumar, Ronan"]
[Result "1/2-1/2"]
[WhiteElo "2146"]
[BlackElo "1828"]
[WhiteFideId "-1"]
[WhiteFideId "-1"]
[PlyCount "41"]
[GameId "2160767908347412"]
[EventDate "2017.08.09"]
[EventType "swiss"]
[EventRounds "7"]
[EventCountry "CAN"]
[SourceTitle "hb 2017"]

1. d4 d5 2. Bf4 Nf6 3. e3 e6 4. Nf3 c5 5. c3 Bd6 6. Bg3 O-O 7. Nbd2 Nc6 8. Bd3 b6 9. O-O Bxg3 10. hxg3 Re8 11. Rc1 Bb7 12. Re1 a6 13. Ne5 Nxe5 14. dxe5 Nd7 15. f4 f6 16. Qh5 g6 17. Bxg6 hxg6 18. Qxg6+ Kh8 19. Qh6+ Kg8 20. Qg6+ Kh8 21. Qh6+ 1/2-1/2

[Event "CAN-ch U20"]
[Site "Mississauga CAN"]
[Date "2017.08.09"]
[Round "1.11"]
[White "Jiang, Brian"]
[Black "Li, William"]
[Result "1/2-1/2"]
[WhiteElo "1827"]
[BlackElo "2142"]
[WhiteFideId "-1"]
[WhiteFideId "-1"]
[PlyCount "93"]
[GameId "2160767908347413"]
[EventDate "2017.08.09"]
[EventType "swiss"]
[EventRounds "7"]
[EventCountry "CAN"]
[SourceTitle "hb 2017"]

1. d4 Nf6 2. c4 e6 3. Nc3 Bb4 4. Qc2 O-O 5. a3 Bxc3+ 6. Qxc3 b6 7. Bg5 Bb7 8. e3 d6 9. Ne2 Nbd7 10. Qc2 c5 11. Rd1 Qc7 12. Nc3 a6 13. f3 cxd4 14. Rxd4 Rac8 15. Qd2 Qc5 16. Bh4 d5 17. cxd5 Nxd5 18. Nxd5 exd5 19. Be2 Rfe8 20. O-O Nf8 21. Bf2 Ne6 22. Rb4 Red8 23. Rd1 Qc6 24. Bd3 a5 25. Rh4 h6 26. b4 Qc3 27. Qa2 axb4 28. Rxb4 Ra8 29. Rb3 Qc7 30. Qb2 Nc5 31. Rc1 Ba6 32. Bb1 Rab8 33. Rb4 Qa7 34. Bg3 Rb7 35. Be5 Ne6 36. Qc2 f6 37. Qh7+ Kf7 38. Rc6 fxe5 39. Qg6+ Kf8 40. Rxe6 Bc4 41. Rxe5 b5 42. Bf5 Qxa3 43. Rb1 Rc7 44. Be6 Bd3 45. Rf5+ Bxf5 46. Qxf5+ Ke8 47. Qg6+ 1/2-1/2